| 000 | 00764nam a2200289 a 4500 | ||
|---|---|---|---|
| 003 | AR-BaBNM | ||
| 005 | 20251128210553.0 | ||
| 008 | 082120s2002 ||||||||||||||000 | spa|| | ||
| 020 | _a0-582-27831-7 | ||
| 040 | _cAR-BaBNM | ||
| 100 | 1 | _aHopkins, Andy | |
| 245 | 0 | 0 |
_aWork in progress _bteacher's resource book |
| 250 | _a1ª ed. | ||
| 260 |
_aEdinburgh _bLongman _c1997 |
||
| 300 |
_a96 p. _btablas, il., gráfs. |
||
| 650 | 4 | _aENSEÑANZA DE IDIOMAS | |
| 650 | 4 | _aINGLES | |
| 650 | 4 | _aACTIVIDADES DE APRENDIZAJE | |
| 650 | 4 | _aLIBROS DE TEXTO | |
| 650 | 4 | _aTECNICAS DIDACTICAS | |
| 650 | 4 | _aMETODOS DE ENSEÑANZA | |
| 650 | 4 | _aGUIA DEL DOCENTE | |
| 700 | 1 | _aVivier, Madeleine du | |
| 700 | 1 | _aPotter, Jocelyn | |
| 942 | _cBK | ||
| 998 | _cRAQUEL | ||
| 999 |
_c15989 _d15989 |
||